Disney versus inspiration - Statistiques

Statistiques générales
  • Ce quiz a été pris 54 fois
  • Le résultat moyen est 9 sur 12
Statistiques - réponses
Hint Réponse % Correct
Une jeune femme se sacrifie pour sauver la vie de son père. Elle est capturée par une bête qui lui demande tous les soirs de coucher avec elle. Finalement ils se marient. La Belle et la bête
98%
Une reine frappe de folie le fils bâtard de son mari et le pousse à tuer sa femme et ses enfants. Pour se racheter, il doit accomplir douze tâches très difficiles. Hercule
95%
Une jeune femme s'engage dans l'armée à la place de son père, refuse toute récompense pour sa bravoure et ne demande qu'un chameau pour rentrer chez elle. Mulan
95%
Un garnement déserte l'école, se fait plumer par des escrocs, transformer en âne, avaler par un poisson, avant de revenir dans le droit chemin. Pinocchio
85%
Un garçon perdu dans la jungle est élevé par des singes. Devenu adulte, il se marie et fonde une famille en Angleterre. Tarzan
85%
Un roi et une reine font une gaffe diplomatique, puis ils surprotègent leur fille ; celle-ci subira les conséquences de leur erreur avant d'être sauvée par un prince charmant. La Belle au bois dormant
83%
Un pauvre poète erre dans les rues de Paris. Il rencontre une Égyptienne qui aime un capitaine de garde et est aimée par un archidiacre, et à la fin tout le monde meurt. Le Bossu de Notre-Dame
80%
Une jeune américaine est enlevée et violée, puis elle est mariée à un collègue de ses violeurs et part vivre avec lui en Angleterre. Pocahontas
76%
Un enfant abandonné acquiert des pouvoirs surnaturels, ralentit le soleil, crée une île, dompte le feu et possède un hameçon magique. Vaiana
76%
Une jeune fille accepte de souffrir mille douleurs pour être aux côtés de celui qu'elle aime ; hélas c'est un amour à sens unique. La petite Sirène
56%
Une fillette part à la recherche de son ami, blessé à l'œil et au cœur par le miroir d'une sorcière maléfique. La Reine des neiges
41%
Le fils d'un démon retrouve le fils caché du roi et le place sur le trône. Il finit emprisonné par sa bien-aimée. Merlin l'enchanteur
22%
Aucun quiz correspondant
Distribution des résultats
% des personnes avec chaque résultat
Percentile par nombre de réponses
Votre historique - résultats
Vous n’avez pas pris ce quiz